000 00296nam a22001337a 4500
008 181101b xxu||||| |||| 00| 0 eng d
020 _a0393952975
041 _aeng
080 _25 th
_a781
100 _a45
101 _aMUZ
245 _aThe Enjoyment Of Music
_cJoseph.M
942 _2udc
_cBK
999 _c51510
_d51510